Honduras: TNC Land Grab

El establecimiento de otras empresas transnacionales en Honduras es el tema de análisis en este artículo. United Brands, conocida como United Fruit Co., inicio un nuevo proyecto agrícola en el país: las plantaciones de palma africana. Se examina el papel de la compañía y del gobierno militar hondure...

Ful tanımlama

Kaydedildi:
Detaylı Bibliyografya
Materyal Türü: Metin
Konular:
Etiketler: Etiketle
Etiket eklenmemiş, İlk siz ekleyin!

MARC

LEADER 00000 a a2200000 04500
001 9787
003
040
245 |a Honduras:   |b TNC Land Grab  
520 |a El establecimiento de otras empresas transnacionales en Honduras es el tema de análisis en este artículo. United Brands, conocida como United Fruit Co., inicio un nuevo proyecto agrícola en el país: las plantaciones de palma africana. Se examina el papel de la compañía y del gobierno militar hondureño, que apoyó el inicio del proyecto, y las consecuencias para los trabajadores y sus organizaciones. ABB/mb  
650 |a PROPIEDAD EXTRANJERA  
650 |a MOVIMIENTOS COOPERATIVOS  
650 |a EMPRESAS TRANSNACIONALES  
650 |a GOBIERNO CENTRAL  
650 |a ORGANIZACIONES DE TRABAJADORES  
773 |g volumen 12, número 3; páginas 45-46  
999 |c 20948  |d 20948